Huida y fin de Joseph Roth (Record no. 17269)

MARC details
000 -LEADER
campo de control de longitud fija 00962nam a2200289 i 4500
001 - NÚMERO DE CONTROL
campo de control 17269
003 - IDENTIFICADOR DE NÚMERO DE CONTROL
campo de control ES-MaACL
005 - FECHA Y HORA DE LA ÚLTIMA TRANSACCIÓN
campo de control 20240227161409.0
007 - CAMPO FIJO DE DESCRIPCIÓN FÍSICA--INFORMACIÓN GENERAL
campo de control de longitud fija t|
008 - DATOS DE LONGITUD FIJA--INFORMACIÓN GENERAL
campo de control de longitud fija 010124s2000 sp ||||0| spa j
020 ## - NÚMERO INTERNACIONAL ESTÁNDAR DEL LIBRO
Número Internacional Estándar del Libro 84-8191-280-8
040 ## - FUENTE DE CATALOGACIÓN
Centro catalogador/agencia de origen M-BN
Lengua de catalogación spa
Centro/agencia transcriptor M-BN
080 ## - NÚMERO DE LA CLASIFICACIÓN DECIMAL UNIVERSAL
Número de la Clasificación Decimal Universal 821.112.2-94"19"
080 ## - NÚMERO DE LA CLASIFICACIÓN DECIMAL UNIVERSAL
Número de la Clasificación Decimal Universal 929 Roth, Joseph
100 1# - ENTRADA PRINCIPAL--NOMBRE DE PERSONA
Nombre de persona Morgenstern, Soma.
9 (RLIN) 83534
245 10 - MENCIÓN DEL TÍTULO
Título Huida y fin de Joseph Roth
Resto del título : recuerdos /
Mención de responsabilidad, etc. Soma Morgenstern ; edición original alemana, notas y estudio final de Ingolf Schulte ; traducción de Eduardo Gil Bera.
260 ## - PUBLICACIÓN, DISTRIBUCIÓN, ETC.
Lugar de publicación, distribución, etc. Valencia :
Nombre del editor, distribuidor, etc. Pre-textos,
Fecha de publicación, distribución, etc. [2000]
300 ## - DESCRIPCIÓN FÍSICA
Extensión 446 p. ;
Dimensiones 19 cm.
490 1# - MENCIÓN DE SERIE
Mención de serie Pre-textos. Narrativa ;
Designación de volumen o secuencia 423
600 04 - PUNTO DE ACCESO ADICIONAL DE MATERIA--NOMBRE DE PERSONA
Nombre de persona Roth, Joseph,
Fechas asociadas al nombre 1894-1939
9 (RLIN) 99952
700 1# - ENTRADA AGREGADA--NOMBRE PERSONAL
Nombre de persona Schulte, Ingolf.
9 (RLIN) 104766
700 1# - ENTRADA AGREGADA--NOMBRE PERSONAL
Nombre de persona Gil Bera, Eduardo.
9 (RLIN) 56771
830 0# - PUNTO DE ACCESO ADICIONAL DE SERIE-TÍTULO UNIFORME
Título uniforme Pre-textos. Narrativa ;
Designación de volumen o secuencia 423
9 (RLIN) 179720
852 ## - LOCALIZACIÓN
Ubicación ES-MaACL
Número de control de estantería L-24097
Sublocalización o colección R.129457
Holdings
Estatus retirado Estado de pérdida Estado de daño No para préstamo Biblioteca de origen Biblioteca actual Ubicación en estantería Fecha de adquisición Fuente de adquisición Total de préstamos Signatura topográfica completa Código de barras Visto por última vez Precio de reemplazo Tipo de ítem Koha
        Biblioteca del Ateneo de Madrid Biblioteca del Ateneo de Madrid Depósito 2 17/01/2008     L-24097 1017618 23/02/2023 23/02/2023 Libro impreso